Código Civil: sistematizado con jurisprudencia
Na minha lista:
| Autor principal: | |
|---|---|
| Formato: | Livro |
| Idioma: | espanhol |
| Publicado em: |
Santiago
Legal Publishing
2015
|
| Edição: | 1a. ed |
| Assuntos: | |
| Tags: |
Adicionar Tag
Sem tags, seja o primeiro a adicionar uma tag!
|
MARC
| LEADER | 00000cam a2200000 a 4500 | ||
|---|---|---|---|
| 001 | UCE8113 | ||
| 003 | CL-VaPUC | ||
| 008 | 150728e20150000cl |||||||||||||||||spa|d | ||
| 020 | |a 9789563466836o.c | ||
| 020 | |a 9789563466881t.1 | ||
| 020 | |a 9789563466898t.2 | ||
| 082 | 0 | 4 | |a 346.83 |b MAZ |2 21 |
| 100 | |a Maza Gazmuri, Iñigo de la |e autor |9 880877 | ||
| 245 | 1 | 0 | |a Código Civil: sistematizado con jurisprudencia |
| 250 | |a 1a. ed | ||
| 300 | |a t | ||
| 942 | |c BK | ||
| 945 | |d 20150728 02:04:00 |a dcastane | ||
| 260 | |a Santiago |b Legal Publishing |c 2015 | ||
| 650 | 0 | |a Código civil |9 256135 | |
| 650 | 0 | |a Derecho civil |9 255013 | |
| 650 | 0 | |a Derechos humanos |9 223025 | |
| 650 | 0 | |a Derecho de familia |9 255603 | |
| 650 | 0 | |a Derecho sucesorio |9 255015 | |
| 583 | |a last modification |c 20150728 02:04:00 |k Rodrigo Vera | ||
| 999 | |c 360063 |d 360061 | ||
| 952 | |0 0 |1 0 |2 ddc |3 erb |4 0 |6 346_830000000000000_MAZ_2015 |7 0 |8 R |9 469689 |a BIBDER |b BIBDER |h t.1 |i 5190967 |o 346.83 MAZ 2015 |p 5190967 |r 2019-11-23 |w 2019-11-23 |y BK_R |z Catalogado en:20150728 |k DER | ||
| 952 | |0 0 |1 0 |2 ddc |3 erb |4 0 |6 346_830000000000000_MAZ_2015 |7 0 |8 R |9 469690 |a BIBDER |b BIBDER |h t.2 |i 5190959 |o 346.83 MAZ 2015 |p 5190959 |r 2019-11-23 |w 2019-11-23 |y BK_R |z Catalogado en:20150728 |k DER | ||